Największe miasta w Estonii - Statystyki

Ogólne statystyki
  • Ten quiz został rozwiązany 48 razy
  • Średni wynik to 4 z 15
Statystyki odpowiedzi
LP. Liczba ludności Miasto % Poprawnych
1. 430.800 Tallinn
100%
2. 93.700 Tartu
68%
3. 56.100 Narwa
59%
4. 39.400 Parnawa
49%
11. 12.300 Valga
22%
12. 12.000 Voru
22%
9. 13.300 Kuressaare
19%
6. 17.500 Viljandi
16%
14. 9.800 Haapsalu
14%
7. 15.400 Rakvere
11%
15. 9.800 Keila
8%
5. 34.400 Kohtla-Jarve
8%
13. 10.400 Johvi
5%
8. 15.200 Maardu
5%
10. 13.000 Sillamae
3%
Nie znaleziono quizów pasujących do podanych kryteriów
Rozkład punktacji
Procent ludzi z każdym wynikiem
Percentyl według liczby udzielonych odpowiedzi
Twoja historia wyników
Nie rozwiązałeś tego quizu